000 00451nam a2200181Ia 4500
001 11631
005 20260306162842.0
008 260306t2018||||xx |||||||||||||| ||spa||
041 _aESP
082 _a985.6
_bM95
100 _aMunicipalidad Distrital de San Jerónimo
_eAUT
245 0 _aSan Jerónimo:
_bpasado y presente
260 _c2018
300 _a269 páginas :
_c28 cm.
650 _aGEN
654 _aCHU
942 _cLIB
_dJUS
_fJUS
_2ddc
_n
999 _c11631
_d11631